| 000 | 00529cam a2200181 4500500 | ||
|---|---|---|---|
| 005 | 20260405000810.0 | ||
| 041 | _afre | ||
| 042 | _adc | ||
| 100 | 1 | 0 |
_aDuval, Jean-François _eauthor |
| 245 | 0 | 0 | _aLa générosité |
| 260 | _c2009. | ||
| 500 | _a13 | ||
| 690 | _aAltruisme | ||
| 690 | _aÉgoïsme | ||
| 690 | _aGénérosité | ||
| 786 | 0 | _nPhilosophie magazine | 31 | 7 | 2009-07-01 | p. 9-9 | 1951-1787 | |
| 856 | 4 | 1 | _uhttps://shs.cairn.info/magazine-philosophie-magazine-2009-7-page-9?lang=fr&redirect-ssocas=7080 |
| 999 |
_c2040892 _d2040891 |
||